| 000 | 00824cam a2200205 4500 | ||
|---|---|---|---|
| 008 | 000000n2000 000 0 eng u | ||
| 020 | _a1851124004 | ||
| 035 | _a(Sirsi) u106851 | ||
| 050 | _a711.3 | ||
| 110 |
_aUnited Kingdom _bDepartment of the Environment, Transport and the Regions _93507 |
||
| 245 | _aPlanning for clusters : a research report. | ||
| 260 |
_aLondon _bDETR _c2000 |
||
| 300 | _a71p. ; 30cm. | ||
| 520 | _aResearch commissioned from ECOTEC Research and Consulting Ltd. in association with GVA Grimley and the Centre for Urban and Regional Development Studies, University of Newcastle upon Tyne. | ||
| 650 | _aBUSINESS CLUSTERS | ||
| 650 | _aPLANNING SYSTEM | ||
| 690 |
_aPlanning and development _96259 |
||
| 856 | _uhttps://www.communities.gov.uk/embedded_object.asp?id=1144674 | ||
| 942 | _n0 | ||
| 999 |
_c100633 _d100633 |
||